00893nam a22002417a 450000500170000001000290001702000260004602000230007203500170009503700130011203700190012508200160014410000280016024500950018826000460028327000620032930000430039149000280043450000660046252000590052865000460058765000180063320110121141013.0 aENG-101930 B-453338-357 a9780198072256c395.00 a0198072252c395.00 aB-453338-357 bDBAD/PUB bAllied Pub/Ven a305.50954961 aLecomte-Tilouine, Marie10aHindu kingship, ethnic revival, and Maoist rebellion in Nepal /cby Marie Lecomte-Tilouine aNew Delhi bOxford University Pressc2011 aYMCA Library Building, Jai Singh RoadbNew Delhi e110001 axiv, 294 p. :bill.,1 map c23cm (pbk)0 aOxford collected essays aIncludes bibliographical references (p. [270]-283) and index. aStudy on Magars and their relations with other castes. 0aMagar (Nepalese people)xEthnic identity. 0aCastezNepal.